Lanean...
Approved practice in dairying
| Egile nagusia: | |
|---|---|
| Beste egile batzuk: | |
| Hizkuntza: | English |
| LEADER | 00427nam a22001337a 4500 | ||
|---|---|---|---|
| 005 | 20151215125044.0 | ||
| 008 | 091021t xxu||||| |||| 00| 0 eng d | ||
| 082 | |a KZ |b K4 | ||
| 100 | |a juergenson, Elwood |9 4827 | ||
| 245 | |a Approved practice in dairying | ||
| 700 | |a Mortenson, W.P. |9 4826 | ||
| 942 | |c BK |6 _ | ||
| 999 | |c 96651 |d 96651 | ||
| 952 | |0 0 |1 5 |2 ddc |4 0 |6 KZ_K4 |7 0 |9 121902 |a SMS |b SMS |c GEN |d 2009-10-21 |o KZ K4 |p SMS003419 |r 2009-10-21 |w 2009-10-21 |y WR | ||